00673nam a2200181Ia 4500008004100000020001800041041000800059082001300067100002400080245005600104260004000160300000800200365001600208700002400224906005500248999001900303952016900322230718s9999 xx 000 0 und d a9781422138649 aeng a337bGHE aGhemawat P.9160535 aWorld 3.0bGlobal Prosperity And How To Achieve It c2011bHarvard Business Review Press a386 cRs.b695.00 aGhemawat P.9160535 dO:0195512-Aug-2011B:824017-Jun-2011cGENRLb173.75 c328335d328335 00104070aCCEPbCCEPd2011-08-12eTechnical Book ServicesfGENRLg521.25i8240l0o337pCCEP-BK-39542r2023-07-18 00:00:00t173.75v695.00w2011-06-17yBKz039542